| 000 | 01249cam a22003374a 4500 | ||
|---|---|---|---|
| 001 | 6337 | ||
| 003 | FISKH | ||
| 005 | 20250422152927.0 | ||
| 008 | 000912s2001 nyuab j b 000 0deng | ||
| 010 | _a 00047080 | ||
| 020 | _a043921310X | ||
| 040 |
_aDLC _cDLC _dDLC _beng |
||
| 050 | _aQL737.P96 G5848 | ||
| 082 | _a599.885 | ||
| 100 | 1 |
_aGoodall, Jane, _d1934- |
|
| 245 | 1 | 4 |
_aThe chimpanzees I love : _bsaving their world and ours / _cJane Goodall. |
| 250 | _aFirst Scholastic paperback printing, October 2002 | ||
| 260 |
_aNew York : _bScholastic Inc, _c2001. |
||
| 300 |
_a80 pages : _bcolor maps ; color illustrations ; _c23 x 26 cm |
||
| 500 | _a"A Byron Preiss book." | ||
| 504 | _aIncludes bibliographical references (p. 79) | ||
| 520 | _aIn a compelling, personal narrative, Dr. Goodall recounts the exciting adventure of her work with chimpanzees, now an endangered species. | ||
| 600 | 1 | 0 |
_aGoodall, Jane, _d1934- _vJuvenile literature. |
| 600 | 1 | 1 |
_aGoodall, Jane, _d1934- |
| 650 | 0 |
_aChimpanzees _xBehavior _zTanzania _zGombe Stream National Park _vJuvenile literature. |
|
| 650 | 1 | _aChimpanzees. | |
| 650 | 1 | _aZoologists. | |
| 906 |
_a7 _bcbc _corignew _d1 _eocip _f20 _gy-gencatlg |
||
| 942 |
_2ddc _cBK _n0 |
||
| 999 |
_c6337 _d6337 |
||